000
00252nam a2200097Ia 4500
082
_a
EKF DODD
245
0
_a
The Dudgeon is coming
100
_a
DODD, Lynley London, 2009
_9
83829
942
_c
BK
008
210817s9999 xx 000 0 und d
999
_c
389351
_d
389349